The lark / (Record no. 19932)
[ view plain ]
| 000 -LEADER | |
|---|---|
| fixed length control field | 00872nam a22002771 4500 |
| 001 - CONTROL NUMBER | |
| control field | 19932 |
| 003 - CONTROL NUMBER IDENTIFIER | |
| rucl marc code | BD-RjUL |
| 005 - DATE AND TIME OF LATEST TRANSACTION | |
| control field | 20211209000511.0 |
| 008 - FIXED-LENGTH DATA ELEMENTS--GENERAL INFORMATION | |
| fixed length control field | 140226t19661955nyu 000 d eng |
| 035 ## - SYSTEM CONTROL NUMBER | |
| System control number | (BD-RjUL)19993 |
| 040 ## - CATALOGING SOURCE | |
| Original cataloging agency | DLC |
| Transcribing agency | DLC |
| Modifying agency | DLC |
| -- | BD-RjUL |
| Language of cataloging | eng |
| 041 1# - LANGUAGE CODE | |
| Language code of text/sound track or separate title | eng |
| Language code of original | fre |
| 082 00 - DEWEY DECIMAL CLASSIFICATION NUMBER | |
| Classification number | 842.91 |
| Author mark and year | ANL 1966 |
| 100 1# - MAIN ENTRY--PERSONAL NAME | |
| Personal name | Anouilh, Jean, |
| Dates associated with a name | 1910-1987. |
| 9 (RLIN) | 59748 |
| 245 14 - TITLE STATEMENT | |
| Title | The lark / |
| Statement of responsibility, etc. | Translated by Christopher Fry. |
| 260 ## - PUBLICATION, DISTRIBUTION, ETC. (IMPRINT) | |
| Place of publication, distribution, etc. | New York : |
| Name of publisher, distributor, etc. | Oxford University Press, |
| Date of publication, distribution, etc. | c1955 [Reprinted 1966]. |
| 300 ## - PHYSICAL DESCRIPTION | |
| Pagination | 103 p. ; |
| Size | 20 cm. |
| 600 00 - SUBJECT ADDED ENTRY--PERSONAL NAME | |
| Personal name | Joan, |
| Titles and other words associated with a name | of Arc, Saint, |
| Dates associated with a name | 1412-1431 |
| 650 00 - SUBJECT ADDED ENTRY--TOPICAL TERM | |
| Topical term or geographic name as entry element | Christian women saints |
| Form subdivision | Drama. |
| 9 (RLIN) | 61269 |
| 651 #0 - SUBJECT ADDED ENTRY--GEOGRAPHIC NAME | |
| Geographic name | France |
| General subdivision | History |
| Chronological subdivision | Charles VII, 1422-1461 |
| Form subdivision | Drama. |
| 9 (RLIN) | 61270 |
| 942 ## - ADDED ENTRY ELEMENTS (KOHA) | |
| Source of classification or shelving scheme | Dewey Decimal Classification |
| Koha item type | Books |
| Lost status | Source of classification or shelving scheme | Damaged status | Not for loan | Collection code | Permanent Location | Current Location | Shelving location | Date acquired | Source of acquisition | Cost, normal purchase price | Total Checkouts | Full call number | Date last seen | Copy number | Koha item type |
|---|---|---|---|---|---|---|---|---|---|---|---|---|---|---|---|
| Dewey Decimal Classification | Fiction | Central Library, University of Rajshahi | Central Library, University of Rajshahi | 21/08/1969 | Zitlinger | 7.60 | 842.91 ANL 1966 | 26/02/2014 | C-2 | Books |